Racial conditions : politics, theory, comparisons

Αποθηκεύτηκε σε:
Λεπτομέρειες βιβλιογραφικής εγγραφής
Κύριος συγγραφέας: Winant, Howard
Μορφή: Βιβλίο
Γλώσσα:English
Δημοσίευση: Minneapolis : University of Minnesota Press, c1994
Θέματα:
Ετικέτες: Προσθήκη ετικέτας
Δεν υπάρχουν, Καταχωρήστε ετικέτα πρώτοι!

MARC

LEADER 00000nam a2200000 i 4500
001 1/70225
008 981119s1994 eng d
020 |a 0-8166-2387-2 
035 |l 10030583 
040 |a GR-MY-UA  |b gre  |e aacr 
041 0 |a eng 
082 0 |a 305.800973 
100 1 |a Winant, Howard. 
245 1 0 |a Racial conditions :  |b politics, theory, comparisons /  |c Howard Winant 
260 |a Minneapolis :   |b University of Minnesota Press,   |c c1994 
300 |a 199 p. 
504 |a Includes bibliographical references and index 
650 0 0 |a Race relations. 
651 0 |a United States  |x Race relations. 
651 0 |a Brazil  |x Race relations. 
852 |a INST  |b LESVOS  |e 19981119  |h 305.800973 WIN  |p 005100018002  |q 005100018002  |t BK  |y 0 
901 |a BIBL-1998-3 
909 |a Λ  |b 060211 
922 |a 1ΕΛΗ  |b 199810  |c ΚΠΣ/ΤΚ  |d ΠΑΠΑΣΩΤΗΡΙΟΥ 
950 |a 103-1998-07-27